[Event "39th Olympiad Women"]
[Site "Khanty-Mansiysk RUS"]
[Date "2010.09.22"]
[Round "2"]
[White "Wang, Yu A."]
[Black "Reppen, Ellisiv"]
[Result "1-0"]
[WhiteTitle "IM"]
[WhiteElo "2394"]
[BlackElo "1954"]
[Board "2.4"]
[WhiteTeam "CHN"]
[BlackTeam "NOR"]
[WhiteFideId "8601097"]
[BlackFideId "1504959"]
[EventDate "2010.09.21"]
[EventType "team"]

1. e4 e5 2. Bc4 Nf6 3. d3 Bc5 4. Nc3 d6 5. Na4 Bb6 6. Nxb6 axb6 7. Bg5 Be6 8.
Qf3 Bxc4 9. dxc4 Nbd7 10. Ne2 O-O 11. g4 Qe7 12. Rg1 Qe6 13. b3 c6 14. Nc3 Rfe8
15. Bd2 Nc5 16. g5 Nfd7 17. h4 Qe7 18. Ne2 Ne6 19. Ng3 Nd4 20. Qd1 Nc5 21. Be3
Rad8 22. c3 Nde6 23. b4 Na6 24. Bxb6 Nec7 25. Nf5 Qe6 26. b5 cxb5 27. cxb5 d5
28. bxa6 Qxb6 29. axb7 Qxb7 30. Qb3 Qa6 31. Rd1 Rb8 32. Qc2 dxe4 33. Qxe4 Qxa2
34. Rg3 Ne6 35. Nd6 Red8 36. Qxe5 Rb1 37. Rd3 Qc2 38. Rxb1 Qxd3 39. Rd1 Qh3 40.
Qg3 Qh1+ 41. Ke2 Qc6 42. Qe5 Qa6+ 43. c4 Qc6 44. f3 Qa6 45. h5 Rxd6 46. Qxd6
Qxc4+ 47. Ke3 Qc3+ 48. Kf2 Qa5 49. Qb8+ Nf8 50. Qd8 Qc5+ 51. Kg2 Qe3 52. Qd2 Qe5
53. Re1 Qf5 54. Re8 Qc5 55. Qe3 Qxe3 56. Rxe3 Ne6 57. Kg3 Kf8 58. Kg4 g6 59. h6
Ke7 60. Ra3 f5+ 61. gxf6+ Kxf6 62. Ra7 Nf8 63. f4 Ke6 64. Rg7 Kf6 65. Kf3 Ke6
66. Kg3 Kf6 67. Kg4 Ke6 68. Kg5 Kd6 69. Kf6 Ne6 70. Rxh7 Nxf4 71. Rf7 Kd5 1-0

[Event "39th Olympiad Women"]
[Site "Khanty-Mansiysk RUS"]
[Date "2010.09.24"]
[Round "4"]
[White "Foisor, Cristina-Adela"]
[Black "Vega Gutierrez, Sabrina"]
[Result "1-0"]
[WhiteTitle "IM"]
[BlackTitle "WGM"]
[WhiteElo "2395"]
[BlackElo "2368"]
[Board "7.1"]
[WhiteTeam "ROU"]
[BlackTeam "ESP"]
[WhiteFideId "1200496"]
[BlackFideId "2219026"]
[EventDate "2010.09.21"]
[EventType "team"]

1. Nf3 Nf6 2. c4 g6 3. g3 Bg7 4. Bg2 O-O 5. O-O d6 6. d4 Nc6 7. Nc3 a6 8. e3 Rb8
9. Qe2 b5 10. Rd1 Nd7 11. cxb5 axb5 12. Nd2 Na7 13. Nb3 Bb7 14. e4 e5 15. dxe5
Nxe5 16. Be3 Nac6 17. Nxb5 Ba6 18. a4 Qc8 19. f4 Qe6 20. fxe5 Qxb3 21. exd6 cxd6
22. Rxd6 Bxb2 23. Rad1 Rfd8 24. R1d3 Qxa4 25. Qxb2 Rxd6 26. Rxd6 Qxb5 27. Qxb5
Bxb5 28. Bg5 Re8 29. h4 Re6 30. Rd5 Be2 31. Kf2 Bg4 32. Bf4 Kg7 33. e5 f6 34.
Rd7+ Ne7 35. exf6+ Kxf6 36. Bg5+ Kg7 37. Rxe7+ Rxe7 38. Bxe7 h6 39. Ke3 Kf7 40.
Bb4 g5 41. Bd5+ Kg6 42. Bf3 Bd7 43. h5+ Kf7 44. g4 Bc8 45. Ke4 1-0

[Event "39th Olympiad Women"]
[Site "Khanty-Mansiysk RUS"]
[Date "2010.09.24"]
[Round "4"]
[White "Zawadzka, Jolanta"]
[Black "Milovic, Aleksandra"]
[Result "1/2-1/2"]
[WhiteTitle "WGM"]
[BlackTitle "WFM"]
[WhiteElo "2410"]
[BlackElo "2182"]
[Board "11.2"]
[WhiteTeam "POL"]
[BlackTeam "MNE"]
[WhiteFideId "1122320"]
[BlackFideId "933988"]
[EventDate "2010.09.21"]
[EventType "team"]

1. e4 c5 2. Nf3 e6 3. d4 cxd4 4. Nxd4 Nc6 5. Nc3 Qc7 6. Be3 a6 7. Qd2 Nf6 8.
O-O-O Bb4 9. f3 Ne5 10. Nb3 b5 11. Kb1 Be7 12. Qf2 d6 13. g4 Nfd7 14. Rg1 Bb7
15. f4 b4 16. Na4 Nc4 17. Bxc4 Qxc4 18. e5 Bd5 19. exd6 Bxd6 20. f5 O-O 21. Nc1
Qc6 22. Nb6 Nxb6 23. Bxb6 Rfc8 24. Rge1 a5 25. Bd4 a4 26. Re3 b3 27. Rc3 bxa2+
28. Ka1 Qb7 29. Qd2 Bb4 30. Rxc8+ Rxc8 31. c3 Bf8 32. Nd3 Bb3 33. Re1 a3 34.
fxe6 axb2+ 35. Qxb2 fxe6 36. Nc1 Bd5 37. Qxb7 Bxb7 38. Kxa2 Bd5+ 39. Kb2 Ra8 40.
Be5 Ra4 41. h3 Ba3+ 42. Kc2 Bc5 43. Bg3 Kf7 44. Nd3 Be7 45. Ne5+ Ke8 46. Kd3 Bd6
47. Bf2 Ra2 48. Bd4 Rh2 49. Re3 Bg2 50. Nf3 Rxh3 51. Ng5 Rxe3+ 52. Bxe3 Ke7 53.
Nxh7 Bh3 54. Ng5 Bxg4 55. Ne4 Bf5 56. Bg5+ Kd7 57. Ke3 Ba3 58. Kf3 Kc6 59. c4
Bb2 60. Be3 e5 61. Bf2 g6 62. Bh4 Be6 63. Nd2 Kc5 64. Bg3 Kd4 65. Kf2 Kd3 66.
Nf3 e4 67. Ne5+ Bxe5 68. Bxe5 e3+ 69. Ke1 Ke4 70. Bf6 Kf5 71. Bd4 Kf4 72. c5 Bd7
73. Bg7 g5 74. Bh6 Bb5 75. Kd1 Kf5 76. c6 Bxc6 77. Ke2 Kf4 78. Bxg5+ Ke5 1/2-1/2

[Event "39th Olympiad Women"]
[Site "Khanty-Mansiysk RUS"]
[Date "2010.09.24"]
[Round "4"]
[White "Myronenko, Natalya"]
[Black "Khachatourian, Yerazik"]
[Result "1/2-1/2"]
[WhiteElo "1945"]
[BlackElo "2025"]
[Board "31.4"]
[WhiteTeam "ISCA"]
[BlackTeam "NOR"]
[WhiteFideId "14124530"]
[BlackFideId "12501948"]
[EventDate "2010.09.21"]
[EventType "team"]

1. e4 e5 2. Bc4 Nf6 3. d3 Nc6 4. Nf3 Bc5 5. O-O d6 6. c3 a6 7. Bb3 Ba7 8. Re1
O-O 9. Nbd2 Ng4 10. Re2 Kh8 11. h3 Nh6 12. Nf1 f5 13. Bg5 Qe8 14. exf5 Bxf5 15.
Nh4 Qd7 16. Nxf5 Nxf5 17. Ne3 Nce7 18. Qd2 h6 19. Nxf5 Nxf5 20. Be3 Bxe3 21.
fxe3 Ng3 22. Rf2 e4 23. dxe4 Nxe4 24. Rxf8+ Rxf8 25. Qd5 Qf5 26. Qxf5 Rxf5 27.
Bc2 Re5 28. Rf1 Nf6 29. Rf3 Kg8 30. Kf2 Kf8 31. Rf5 Re8 32. Ba4 c6 33. Bd1 Ke7
34. Bf3 g6 35. Rf4 Ke6 36. Rb4 Re7 37. Rd4 Rd7 38. Bg4+ Nxg4+ 39. Rxg4 Ke5 1/2-1/2

[Event "39th Olympiad Women"]
[Site "Khanty-Mansiysk RUS"]
[Date "2010.09.24"]
[Round "4"]
[White "Jose Polanco, Kenia"]
[Black "Cimaj, Rozana"]
[Result "0-1"]
[WhiteElo "1997"]
[BlackElo "1972"]
[Board "38.3"]
[WhiteTeam "DOM"]
[BlackTeam "ALB"]
[WhiteFideId "6401074"]
[BlackFideId "4700147"]
[EventDate "2010.09.21"]
[EventType "team"]

1. d4 Nf6 2. c3 e6 3. Bg5 Be7 4. Nf3 b6 5. e3 Bb7 6. Nbd2 d6 7. Bd3 Nbd7 8. Qe2
O-O 9. e4 e5 10. dxe5 dxe5 11. Nc4 Nc5 12. Rd1 Qe8 13. Nfxe5 Nfxe4 14. Be3 Nxd3+
15. Rxd3 Bd6 16. Nf3 Ba6 17. b3 Bxc4 18. bxc4 Qe6 19. Nd2 Rfe8 20. O-O Nxc3 21.
Qh5 Nxa2 22. Nf3 Qg6 23. Qxg6 hxg6 24. Nd4 Nb4 25. Rb3 a5 26. Nb5 Rad8 27. Rd1
Bf4 28. Rxd8 Rxd8 29. g3 Bxe3 30. Rxe3 Na6 31. Re7 Kf8 32. Re4 c6 33. Nc3 Nc5
34. Rh4 Ke7 35. Kf1 a4 36. Ke1 Nd3+ 37. Kf1 Nc5 38. Ke2 a3 39. Na2 Ke6 40. Nb4
g5 41. Rg4 f6 42. h4 Kf5 43. f3 Nb3 44. Ke3 Rd2 45. Re4 a2 46. g4+ Kg6 47. Nxa2
Rxa2 48. hxg5 Kxg5 49. Re6 Na5 50. Kd4 0-1

[Event "39th Olympiad Women"]
[Site "Khanty-Mansiysk RUS"]
[Date "2010.09.25"]
[Round "5"]
[White "Rogule, Laura"]
[Black "Muminova, Nafisa"]
[Result "1/2-1/2"]
[WhiteTitle "WGM"]
[BlackTitle "WIM"]
[WhiteElo "2354"]
[BlackElo "2319"]
[Board "14.1"]
[WhiteTeam "LAT"]
[BlackTeam "UZB"]
[WhiteFideId "11601876"]
[BlackFideId "14201526"]
[EventDate "2010.09.21"]
[EventType "team"]

1. Nf3 Nf6 2. g3 d5 3. Bg2 Bg4 4. Ne5 Bf5 5. c4 c6 6. cxd5 cxd5 7. Nc3 Nbd7 8.
Qa4 e6 9. g4 Bc2 10. Qxc2 Nxe5 11. h3 Be7 12. Qa4+ Nc6 13. d3 Nd7 14. Bf4 a6 15.
Rc1 O-O 16. O-O Nde5 17. Bg3 Ng6 18. Qb3 Qd7 19. e3 Rac8 20. Qd1 b5 21. Ne2 Bd6
22. f4 Rc7 23. a3 Rfc8 24. Qe1 b4 25. Qf2 bxa3 26. bxa3 Nce7 27. Rxc7 Rxc7 28.
f5 Ne5 29. fxe6 Qxe6 30. Nf4 Qh6 31. d4 Nc4 32. Bxd5 Nxd5 33. Nxd5 Rb7 34. Qf5
Bf8 35. g5 Qe6 36. Qxe6 fxe6 37. Nf4 Nxe3 38. Re1 Nc2 39. Rxe6 Nxd4 40. Rxa6
Nf3+ 41. Kf2 Nxg5 42. Bh4 Rb2+ 43. Ke3 Nxh3 44. Nd3 Rb3 45. a4 g5 46. Bg3 h5 47.
Ke4 h4 48. Be5 Kf7 49. Bd4 Nf4 50. Rf6+ Ke8 51. Nxf4 gxf4 52. Rxf4 Be7 53. Bf6
Rb4+ 54. Kf3 Rxf4+ 55. Kxf4 Bxf6 56. Ke4 1/2-1/2

[Event "39th Olympiad Women"]
[Site "Khanty-Mansiysk RUS"]
[Date "2010.09.25"]
[Round "5"]
[White "Mendoza Velazquez, Lorena Alejan"]
[Black "Romero Echeverria, Abigail"]
[Result "1/2-1/2"]
[WhiteTitle "WIM"]
[WhiteElo "2038"]
[BlackElo "2058"]
[Board "29.3"]
[WhiteTeam "MEX"]
[BlackTeam "ECU"]
[WhiteFideId "5101794"]
[BlackFideId "3603806"]
[EventDate "2010.09.21"]
[EventType "team"]

1. c4 e5 2. g3 Nf6 3. Bg2 Nc6 4. Nc3 Bb4 5. Nf3 O-O 6. O-O e4 7. Ne1 Re8 8. Nd5
Bf8 9. d3 exd3 10. Nxd3 h6 11. b3 d6 12. Bb2 Ne5 13. Nxf6+ gxf6 14. Nf4 c6 15.
h3 Qe7 16. e3 Bf5 17. Kh2 Bg6 18. Qd4 a5 19. Rad1 Nd7 20. Ba3 Nc5 21. Nxg6 fxg6
22. Bxc5 dxc5 23. Qg4 Qf7 24. Rd7 Re7 25. Rfd1 Rae8 26. Rxe7 Rxe7 27. Qc8 a4 28.
Rd2 axb3 29. axb3 Kh7 30. Qd8 h5 31. Bf3 Kg8 32. Kg2 Re8 33. Qd7 Qxd7 34. Rxd7
Re7 35. Rxe7 Bxe7 36. Be2 Kf7 37. f4 f5 38. h4 Bd8 39. Kf3 Ba5 40. e4 fxe4+ 41.
Kxe4 Be1 42. Kf3 Kf6 43. Bd3 Bc3 44. Bc2 Be1 45. Ke4 1/2-1/2

[Event "39th Olympiad Women"]
[Site "Khanty-Mansiysk RUS"]
[Date "2010.09.25"]
[Round "5"]
[White "Dahdal, Lougain"]
[Black "Tilenbaev, Baktygul"]
[Result "1/2-1/2"]
[WhiteElo "1885"]
[BlackElo "1944"]
[Board "32.3"]
[WhiteTeam "JOR"]
[BlackTeam "KGZ"]
[WhiteFideId "8102880"]
[BlackFideId "13800639"]
[EventDate "2010.09.21"]
[EventType "team"]

1. d4 d5 2. c4 e6 3. Nc3 Nf6 4. Nf3 Nbd7 5. Bg5 c6 6. e3 Qa5 7. Nd2 Bb4 8. Qc2
Ne4 9. Ndxe4 dxe4 10. Bh4 g5 11. Bg3 f5 12. h4 g4 13. Be2 O-O 14. Qb3 c5 15. Bd6
Rf7 16. a3 Bxc3+ 17. Qxc3 Qxc3+ 18. bxc3 b6 19. f3 exf3 20. gxf3 Bb7 21. Rg1 h5
22. a4 Rc8 23. a5 Kh7 24. Kf2 Rc6 25. Bf4 Rc8 26. axb6 axb6 27. Ra7 Nf6 28. Be5
Kg6 29. Bxf6 Kxf6 30. f4 Be4 31. Rga1 Rxa7 32. Rxa7 Ra8 33. Rxa8 Bxa8 34. Bd1
Be4 35. Bb3 Ke7 36. Ba4 Bd3 37. Bb5 Bc2 38. d5 Bd3 39. dxe6 Kxe6 40. Kg3 Ke7 41.
Kf2 Be4 42. Ba4 Bb7 43. Bc2 Bc8 44. e4 fxe4 45. Bxe4 Kf6 46. Bc6 Bf5 47. Ke3 Bg6
48. Kf2 Bf7 49. Bb5 Ke7 50. Kg3 Be8 51. Ba6 Bd7 52. Bb7 Be6 53. Ba6 Kf6 54. Bb5
Bf7 55. Ba6 Kf5 56. Bb5 Ke4 57. Bd7 Kd3 58. f5 Bxc4 59. Be6 Ke4 60. Bxc4 Kxf5
61. Bd3+ Ke5 62. Bb5 Ke4 63. Be8 Kd3 64. Bxh5 Kxc3 65. Bg6 Kd4 66. Kf4 Kd5 67.
h5 Ke6 68. Kg5 g3 69. Be4 Kf7 70. Kh6 Kg8 71. Kg5 c4 72. Kg4 Kg7 73. Kxg3 b5 74.
Kf2 b4 75. Bd5 c3 76. Bb3 Kh6 77. Ke3 Kxh5 78. Ke4 1/2-1/2

[Event "39th Olympiad Women"]
[Site "Khanty-Mansiysk RUS"]
[Date "2010.09.25"]
[Round "5"]
[White "Premanath, Dinushki"]
[Black "Latreche, Khadidja"]
[Result "1-0"]
[BlackTitle "WCM"]
[WhiteElo "1853"]
[BlackElo "1815"]
[Board "34.3"]
[WhiteTeam "SRI"]
[BlackTeam "ALG"]
[WhiteFideId "9903542"]
[BlackFideId "7901780"]
[EventDate "2010.09.21"]
[EventType "team"]

1. e4 c5 2. Nf3 d6 3. d4 cxd4 4. Nxd4 Nf6 5. Nc3 g6 6. Be3 Bg7 7. f3 Nc6 8. Qd2
O-O 9. Bc4 Bd7 10. O-O-O Rb8 11. h4 b5 12. Bb3 Na5 13. h5 Nxb3+ 14. Nxb3 a5 15.
Bh6 a4 16. Nd4 b4 17. Nd5 b3 18. axb3 axb3 19. Nxb3 Rxb3 20. Bxg7 Qa8 21. cxb3
Rc8+ 22. Nc3 Kxg7 23. hxg6 fxg6 24. Qd4 Qb7 25. e5 dxe5 26. Qxe5 Be8 27. g4 Kg8
28. g5 Nh5 29. Qd5+ Qxd5 30. Rxd5 Bf7 31. Rd7 Ng3 32. Rhd1 Bxb3 33. Rd8+ Rxd8
34. Rxd8+ Kf7 35. Rb8 Be6 36. b4 Nf5 37. b5 Nd4 38. f4 Bg4 39. Kd2 Nb3+ 40. Ke3
Ke6 41. Rh8 Kd6 42. Rxh7 Na5 43. Ne4+ Ke6 44. Rh8 Kd7 45. Ra8 Nb7 46. Ra7 Kc7
47. Nc5 Bc8 48. Nxb7 Bxb7 49. Kd4 Kb6 50. Rxb7+ Kxb7 51. Kc5 Kc7 52. b6+ Kd7 53.
Kd5 e6+ 54. Ke5 Kc6 55. Ke4 1-0

[Event "39th Olympiad Women"]
[Site "Khanty-Mansiysk RUS"]
[Date "2010.09.27"]
[Round "6"]
[White "Atabayeva, Gozel"]
[Black "Medina, Warda Aulia"]
[Result "1/2-1/2"]
[WhiteTitle "WFM"]
[BlackTitle "WFM"]
[WhiteElo "2116"]
[BlackElo "2011"]
[Board "19.4"]
[WhiteTeam "TKM"]
[BlackTeam "INA"]
[WhiteFideId "14001896"]
[BlackFideId "7101570"]
[EventDate "2010.09.21"]
[EventType "team"]

1. e4 e6 2. d4 d5 3. exd5 exd5 4. Bd3 Bd6 5. Qf3 c6 6. Ne2 Qf6 7. Bf4 Bxf4 8.
Qxf4 Qxf4 9. Nxf4 Ne7 10. Nd2 Bf5 11. O-O-O Bxd3 12. Nxd3 Nd7 13. Rde1 f6 14.
Re2 Kf7 15. Rhe1 Rhe8 16. g4 Ng6 17. f4 Rxe2 18. Rxe2 Re8 19. Kd1 Ne7 20. h3 Nc8
21. Rxe8 Kxe8 22. Ke2 Nd6 23. Kf3 Kf7 24. Nc5 Ke7 25. Nxd7 Kxd7 26. Ke3 g6 27.
b3 Ke6 28. a4 b6 29. c3 h5 30. c4 hxg4 31. hxg4 dxc4 32. bxc4 a6 33. c5 Nc8 34.
Nb3 Kd5 35. Kd3 bxc5 36. Nxc5 Nb6 37. Nxa6 Nxa4 38. Nb4+ Kd6 39. f5 gxf5 40.
gxf5 c5 41. Ke4 1/2-1/2

[Event "39th Olympiad Women"]
[Site "Khanty-Mansiysk RUS"]
[Date "2010.09.27"]
[Round "6"]
[White "Conceicao Venancio, Maria"]
[Black "Jwan, Jamal Mohammed Ameen"]
[Result "0-1"]
[BlackTitle "WCM"]
[WhiteElo "1931"]
[BlackElo "1849"]
[Board "53.3"]
[WhiteTeam "ANG"]
[BlackTeam "IRQ"]
[WhiteFideId "10100300"]
[BlackFideId "4803000"]
[EventDate "2010.09.21"]
[EventType "team"]

1. d4 d5 2. c4 e6 3. Nc3 Nf6 4. Nf3 Nbd7 5. Bg5 Be7 6. e3 O-O 7. cxd5 Nxd5 8.
Bxe7 Qxe7 9. Bc4 Nxc3 10. bxc3 b6 11. O-O Bb7 12. Re1 Nf6 13. Bd3 Ne4 14. Qc2 f5
15. Nd2 Nxd2 16. Qxd2 Qg5 17. Bf1 Rf6 18. g3 Bf3 19. Bg2 Qg4 20. Bxf3 Qxf3 21.
Qe2 Qxe2 22. Rxe2 Rd8 23. Rb1 Rd5 24. c4 Rd7 25. Rc2 Rff7 26. c5 Rfe7 27. cxb6
cxb6 28. Rc8+ Kf7 29. Rbc1 Re8 30. Kf1 Rxc8 31. Rxc8 Ke7 32. Ke2 Kd6 33. Kd3 Kd5
34. a4 e5 35. f3 exd4 36. exd4 g6 37. f4 Kd6 38. Kc4 Rc7+ 39. Rxc7 Kxc7 40. Kd5
a6 41. h3 Kd7 42. g4 fxg4 43. hxg4 h5 44. gxh5 gxh5 45. Ke4 h4 46. Kf3 b5 47.
axb5 axb5 48. f5 b4 49. f6 Ke6 50. d5+ Ke5 0-1

[Event "39th Olympiad Women"]
[Site "Khanty-Mansiysk RUS"]
[Date "2010.09.27"]
[Round "6"]
[White "Kareen, Jalaluldeen"]
[Black "Reis, Fatima"]
[Result "0-1"]
[WhiteTitle "WCM"]
[WhiteElo "1790"]
[BlackElo "1846"]
[Board "53.4"]
[WhiteTeam "IRQ"]
[BlackTeam "ANG"]
[WhiteFideId "4801776"]
[BlackFideId "10100423"]
[EventDate "2010.09.21"]
[EventType "team"]

1. d4 d5 2. c4 e6 3. Nc3 Bb4 4. Qb3 Bxc3+ 5. Qxc3 Nf6 6. Bg5 Nbd7 7. Nf3 h6 8.
Bh4 g5 9. Bg3 Ne4 10. Qb3 Nxg3 11. hxg3 c6 12. g4 Qa5+ 13. Kd1 Nf6 14. Nxg5 dxc4
15. Qe3 Nxg4 16. Qf4 Nxf2+ 17. Qxf2 Qxg5 18. e3 b5 19. Qf3 Bb7 20. a4 Qd5 21.
Qf6 Rh7 22. Rxh6 Rxh6 23. Qxh6 a6 24. Qg7 Qf5 25. Be2 O-O-O 26. Kd2 Qg6 27. Qxg6
fxg6 28. Bg4 Kd7 29. Rh1 Re8 30. Rh6 Kd6 31. Rxg6 bxa4 32. Kc3 c5 33. Kxc4 cxd4
34. exd4 Bxg2 35. Kb4 Bc6 36. Be2 Rb8+ 37. Kc3 Rb3+ 38. Kd2 Rxb2+ 39. Ke3 Bb5
40. Bd1 a3 41. Ke4 0-1